Normal view
MARC view
- Heuring, Vincent P.
Entry Personal Name
001 - CONTROL NUMBER
- control field: 3098
003 - CONTROL NUMBER IDENTIFIER
- control field: NUST
005 - DATE AND TIME OF LATEST TRANSACTION
- control field: 20170622131002.0
008 - FIXED-LENGTH DATA ELEMENTS
- fixed length control field: 170622|| aca||aabn | a|a d
040 ## - CATALOGING SOURCE
- Original cataloging agency: NUST
- Transcribing agency: NUST
100 ## - HEADING--PERSONAL NAME
- Personal name: Heuring, Vincent P.
670 ## - SOURCE DATA FOUND
- Source citation: Work cat.: (NUST)24023: Heuring, Vincent P., Computer systems design and architecture, 2004.
